Gideon's spies : (Record no. 15543)

000 -LEADER
fixed length control field 01228cam a2200301 a 4500
001 - CONTROL NUMBER
control field 15469517
005 - DATE AND TIME OF LATEST TRANSACTION
control field 20170105102920.0
008 - FIXED-LENGTH DATA ELEMENTS--GENERAL INFORMATION
fixed length control field 080930s2009 nyu b 001 0 eng
010 ## - LIBRARY OF CONGRESS CONTROL NUMBER
LC control number 2008042893
020 ## - INTERNATIONAL STANDARD BOOK NUMBER
International Standard Book Number 9780312552435 (alk. paper)
020 ## - INTERNATIONAL STANDARD BOOK NUMBER
International Standard Book Number 0312539010 (alk. paper)
035 ## - SYSTEM CONTROL NUMBER
System control number (OCoLC)243544546
040 ## - CATALOGING SOURCE
Original cataloging agency DLC
Transcribing agency DLC
Modifying agency BTCTA
-- BAKER
-- C#P
-- BWX
-- CDX
-- DLC
043 ## - GEOGRAPHIC AREA CODE
Geographic area code a-is---
050 00 - LIBRARY OF CONGRESS CALL NUMBER
Classification number UB251.I78
Item number T49 2009
100 1# - MAIN ENTRY--PERSONAL NAME
Personal name Thomas, Gordon,
Dates associated with a name 1933-
245 10 - TITLE STATEMENT
Title Gideon's spies :
Remainder of title the secret history of the Mossad /
Statement of responsibility, etc. Gordon Thomas.
250 ## - EDITION STATEMENT
Edition statement THE UPDATE EDITION TO THIS GROUNDBREAKING HISTORY
260 ## - PUBLICATION, DISTRIBUTION, ETC.
Place of publication, distribution, etc. New York :
Name of publisher, distributor, etc. Thomas Dunne Books,
Date of publication, distribution, etc. 2009.
300 ## - PHYSICAL DESCRIPTION
Extent xxii, 756 p. ;
Dimensions 24 cm.
504 ## - BIBLIOGRAPHY, ETC. NOTE
Bibliography, etc. note Includes bibliographical references (p. [681]-683) and index.
610 10 - SUBJECT ADDED ENTRY--CORPORATE NAME
Corporate name or jurisdiction name as entry element Israel.
Subordinate unit Mosad le-modiʻin ṿe-tafḳidim meyuḥadim.
650 #0 - SUBJECT ADDED ENTRY--TOPICAL TERM
Topical term or geographic name entry element Intelligence service
Geographic subdivision Israel
General subdivision History.
651 #0 - SUBJECT ADDED ENTRY--GEOGRAPHIC NAME
Geographic name Israel
General subdivision Politics and government.
906 ## - LOCAL DATA ELEMENT F, LDF (RLIN)
a 7
b cbc
c orignew
d 1
e ecip
f 20
g y-gencatlg
942 ## - ADDED ENTRY ELEMENTS (KOHA)
Source of classification or shelving scheme
Koha item type Book
Holdings
Withdrawn status Lost status Damaged status Not for loan Collection code Permanent Location Current Location Shelving location Date acquired Total Checkouts Full call number Barcode Date last seen Price effective from Koha item type
          Centre for International Peace & Stability (CIPS) Centre for International Peace & Stability (CIPS) General Stacks 10/02/2013   327.125694 THO 2012 CIPS0001262 12/04/2013 12/04/2013 Book
© 2023 Central Library, National University of Sciences and Technology. All Rights Reserved.